|
|
|
|
| LEADER |
00000nam0a2200000 4500 |
| 001 |
188503 |
| 005 |
20231101224135.0 |
| 010 |
|
|
|a 9785238019222
|
| 035 |
|
|
|a (RuTPU)RU\TPU\book\204745
|
| 090 |
|
|
|a 188503
|
| 100 |
|
|
|a 20101209d2010 m y0rusy50 ca
|
| 101 |
0 |
|
|a rus
|
| 102 |
|
|
|a RU
|
| 105 |
|
|
|a a j 001zy
|
| 200 |
1 |
|
|a Налоги в Российской Федерации
|e учебное пособие
|f С. П. Колчин
|
| 205 |
|
|
|a 2-е изд., перераб. и доп.
|
| 210 |
|
|
|a Москва
|c ЮНИТИ-ДАНА
|d 2010
|
| 215 |
|
|
|a 271 с.
|c ил.
|
| 320 |
|
|
|a Терминологический словарь: с. 260-268.
|
| 330 |
|
|
|a Раскрыты вопросы теории налогов и налогообложения, дана характеристика основ налогового законодательства, включающая определение налоговых отношений, систему их регулирования и ответственность за нарушение налогового законодательства. Подробно освещен порядок исчисления и взимания федеральных налогов и сборов, региональных и местных налогов. Рассмотрено функционирование специальных налоговых режимов. Показан механизм исчисления и взимания единого налога на вмененный доход, единого налога по упрощенной системе налогообложения и единого сельскохозяйственного налога. Учебное пособие выполнено с учетом норм налогового законодательства и методики исчисления налогов по состоянию на 1 января 2010 г. Для студентов и преподавателей экономических вузов, а также работников финансовых служб предприятий и организаций.
|
| 606 |
1 |
|
|a Налоги
|2 stltpush
|3 (RuTPU)RU\TPU\subj\36467
|9 57834
|
| 610 |
1 |
|
|a налогообложение
|
| 610 |
1 |
|
|a Российская Федерация
|
| 610 |
1 |
|
|a функции
|
| 610 |
1 |
|
|a принципы
|
| 610 |
1 |
|
|a классификация
|
| 610 |
1 |
|
|a налоговое законодательство
|
| 610 |
1 |
|
|a налоговые отношения
|
| 610 |
1 |
|
|a нарушение
|
| 610 |
1 |
|
|a ответственность
|
| 610 |
1 |
|
|a федеральные налоги
|
| 610 |
1 |
|
|a налог на добавленную стоимость
|
| 610 |
1 |
|
|a акцизы
|
| 610 |
1 |
|
|a сборы
|
| 610 |
1 |
|
|a налог на прибыль организаций
|
| 610 |
1 |
|
|a налог на доходы физических лиц
|
| 610 |
1 |
|
|a налог на добычу
|
| 610 |
1 |
|
|a водный налог
|
| 610 |
1 |
|
|a государственная пошлина
|
| 610 |
1 |
|
|a региональные налоги
|
| 610 |
1 |
|
|a налог на имущество организаций
|
| 610 |
1 |
|
|a транспортный налог
|
| 610 |
1 |
|
|a налог на игорный бизнес
|
| 610 |
1 |
|
|a местные налоги
|
| 610 |
1 |
|
|a земельный налог
|
| 610 |
1 |
|
|a налог на имущество физических лиц
|
| 610 |
1 |
|
|a единый сельскохозяйственный налог
|
| 610 |
1 |
|
|a единый налог на вмененный доход
|
| 610 |
1 |
|
|a упрощенное налогообложение
|
| 610 |
1 |
|
|a налоговый контроль
|
| 610 |
1 |
|
|a налоговое планирование
|
| 610 |
1 |
|
|a учебные пособия
|
| 686 |
|
|
|a У9(2)261.4я73
|v LBC/SL-A
|2 rubbk
|
| 700 |
|
1 |
|a Колчин
|b С. П.
|g Сергей Павлович
|
| 801 |
|
1 |
|a RU
|b 63413507
|c 20101209
|
| 801 |
|
2 |
|a RU
|b 63413507
|c 20151216
|g RCR
|
| 942 |
|
|
|c BK
|
| 959 |
|
|
|a 89/20101208
|d 1
|e 250,00
|f ЧЗГЛ:1
|